00950 2200313 4500001002100000005001500021035002000036007000300056008004100059020001800100082000800118084001500126084001300141100002900154245013900183250001200322300003000334650001100364650001300375700003000388700003600418700003000454264005200484336002100536337003000557338002300587990001300610990001300623INLIS00000000111957620221031090305 a0010-1022000224ta221031 0 ind  a9786234801125 a407 aD PBIN4103 aPBIN41030 aAnang SantosoePengarang1 aTeori Belajar Bahasa :b1-6 / PBIN4103 / 2 SKS /cAnang Santoso, Masnuh Muslich, Nining Setyaningsih (Editor), Ratu Badriyah (Editor) aEdisi 2 a278 :bilustrasi ;c27 cm 4aBahasa 4aLanguage0 aMasnuh MuslichePengarang0 aNining SetyaningsihePenyunting0 aRatu BadriyahePenyunting aTangerang Selatan :bUniversitas Terbuka,c2022 2rdacontentaTeks 2rdamediaaTanpa Perantara 2rdacarrieraVolume a22/90331 a22/30317